<?xml version="1.0" encoding="UTF-8"?>
<record
    xmlns:xsi="http://www.w3.org/2001/XMLSchema-instance"
    xsi:schemaLocation="http://www.loc.gov/MARC21/slim http://www.loc.gov/standards/marcxml/schema/MARC21slim.xsd"
    xmlns="http://www.loc.gov/MARC21/slim">

  <leader>01038cam a22002651  4500</leader>
  <controlfield tag="001">ne 68003627 </controlfield>
  <controlfield tag="003">DLC</controlfield>
  <controlfield tag="005">20260227111847.0</controlfield>
  <controlfield tag="008">850225s1942    ii h     b    000 0carax </controlfield>
  <datafield tag="010" ind1=" " ind2=" ">
    <subfield code="a">ne 68003627 </subfield>
  </datafield>
  <datafield tag="035" ind1=" " ind2=" ">
    <subfield code="a">(OCoLC)13884274</subfield>
  </datafield>
  <datafield tag="040" ind1=" " ind2=" ">
    <subfield code="a">DLC</subfield>
    <subfield code="c">NN</subfield>
    <subfield code="d">DLC</subfield>
  </datafield>
  <datafield tag="042" ind1=" " ind2=" ">
    <subfield code="a">premarc</subfield>
  </datafield>
  <datafield tag="050" ind1="0" ind2="0">
    <subfield code="a">D198.3</subfield>
    <subfield code="b">.M78 1942</subfield>
  </datafield>
  <datafield tag="100" ind1="0" ind2=" ">
    <subfield code="a">Mu&#x1E25;ammad ibn &#x1E24;ab&#x12B;b,</subfield>
    <subfield code="d">-860.</subfield>
  </datafield>
  <datafield tag="245" ind1="1" ind2="0">
    <subfield code="a">Kit&#x101;b al-mu&#x1E25;abbar,</subfield>
    <subfield code="c">li-Ab&#x12B; Ja&#x2BB;far Mu&#x1E25;ammad ibn &#x1E24;ab&#x12B;b ibn Umayyah ibn &#x2BB;Amr al-H&#x101;shim&#x12B; al-Baghd&#x101;d&#x12B;. Riw&#x101;yat Ab&#x12B; Sa&#x2BB;&#x12B;d al-&#x1E24;asan ibn al-&#x1E24;usayn al-Sukkar&#x12B; &#x2BB;anhu. Wa-qad i&#x2BB;tanat bi-ta&#x1E63;&#x1E25;&#x12B;&#x1E25; hadh&#x101; al-kit&#x101;b &#x12A;lzah L&#x12B;&#x1E25;tin [sic] Shtaytar [sic]</subfield>
  </datafield>
  <datafield tag="260" ind1=" " ind2=" ">
    <subfield code="a">&#x1E24;aydar &#x100;b&#x101;d al-Dakkan,</subfield>
    <subfield code="b">Ma&#x1E6D;ba&#x2BB;at Jam&#x2BB;&#x12B;yat D&#x101;&#x2BC;irat al-Ma&#x2BB;&#x101;rif al-&#x2BB;Uthm&#x101;n&#x12B;yah,</subfield>
    <subfield code="c">1942.</subfield>
  </datafield>
  <datafield tag="300" ind1=" " ind2=" ">
    <subfield code="a">6, 752 p.</subfield>
    <subfield code="b">facsim.</subfield>
    <subfield code="c">26 cm.</subfield>
  </datafield>
  <datafield tag="500" ind1=" " ind2=" ">
    <subfield code="a">In Arabic</subfield>
  </datafield>
  <datafield tag="504" ind1=" " ind2=" ">
    <subfield code="a">Bibliographical footnotes.</subfield>
  </datafield>
  <datafield tag="651" ind1=" " ind2="0">
    <subfield code="a">Islamic Empire</subfield>
    <subfield code="v">Biography.</subfield>
  </datafield>
  <datafield tag="650" ind1=" " ind2="0">
    <subfield code="a">Arabs</subfield>
    <subfield code="v">Biography.</subfield>
  </datafield>
  <datafield tag="700" ind1="1" ind2=" ">
    <subfield code="a">Lichtenstadter, Ilse,</subfield>
    <subfield code="d">1907-</subfield>
  </datafield>
  <datafield tag="740" ind1="0" ind2=" ">
    <subfield code="a">Mu&#x1E25;abbar.</subfield>
  </datafield>
  <datafield tag="999" ind1=" " ind2=" ">
    <subfield code="c">50807</subfield>
    <subfield code="d">50807</subfield>
  </datafield>
</record>
